Dane z príjmov FO a PO v podmienkach SR

Zásady a rozdiely pri zdaňovaní príjmov fyzických osôb a právnických osôb v SR. Predmetom dane z príjmov sú príjmy zo všetkých činností, ktoré môžu FO alebo PO priniesť zisk.

Saved in:
Bibliographic Details
Main Author: Kubasáková, Iveta
Other Authors: Kicová, Eva
Format: Book Chapter
Language:Slovak
Subjects:
Tags: Add Tag
No Tags, Be the first to tag this record!

MARC

LEADER 00000naa$a2200000$$$4500
001 0091495
005 20221128083621.7
041 0 |a slo 
044 |a SK 
245 1 0 |a Dane z príjmov FO a PO v podmienkach SR  |c Iveta Kubasáková, Eva Kicová 
520 |a Zásady a rozdiely pri zdaňovaní príjmov fyzických osôb a právnických osôb v SR. Predmetom dane z príjmov sú príjmy zo všetkých činností, ktoré môžu FO alebo PO priniesť zisk. 
610 2 0 |a príjmy 
610 2 0 |a osoby fyzické 
610 2 0 |a osoby právnické 
610 2 0 |a dane z príjmov 
610 2 0 |a zisk 
610 2 0 |a Slovensko 
100 1 |a Kubasáková, Iveta 
700 1 |a Kicová, Eva